[Event "Nikaia op 11th"]
[Site "Nikaia"]
[Date "2003.08.17"]
[Round "2"]
[White "Karachisaridis, Vasilis"]
[Black "Avrukh, Boris"]
[Result "0-1"]
[WhiteElo "2069"]
[BlackElo "2557"]
[PlyCount "82"]
[EventDate "2003.08.17"]
[EventType "swiss"]
[EventRounds "9"]
[EventCountry "GRE"]
[SourceTitle "EXT 2005"]
[Source "ChessBase"]
[SourceDate "2004.11.15"]
[SourceVersion "1"]
[SourceVersionDate "2004.11.15"]
[SourceQuality "1"]

1. e4 g6 2. d4 Bg7 3. Nf3 d6 4. Be2 Nf6 5. Nc3 0-0 6. 0-0 c6 7. h3 Qc7 8. Be3 e5 9. Qd2 Re8 10. Bd3 Nbd7 11. Rfe1 b5 12. dxe5 dxe5 13. Rad1 Bb7 14. Ne2 a6 15. Ng3 Rad8 16. c4 Bf8 17. cxb5 cxb5 18. Rc1 Qb8 19. a3 Qa8 20. Qc2 Rc8 21. Qb1 Nc5 22. Bxc5 Bxc5 23. b4 Bb6 24. Rxc8 Qxc8 25. Qb2 Nd7 26. Bb1 Qd8 27. Ba2 Qf6 28. Rd1 Nf8 29. Bd5 Bc8 30. Kh2 h5 31. Qa2 Ne6 32. h4 Kg7 33. Rc1 Bd7 34. Rd1 Nd4 35. Ng5 Qf4 36. Nxf7 Nf3+ 37. gxf3 Qxh4+ 38. Kg1 Qxg3+ 39. Kf1 Qxf3 40. Qb2 Qh3+ 41. Ke2 Bg4+ 0-1